Générique Boumbo - Paroles - Statistiques

Statistiques générales
  • Ce quiz a été pris 38 fois
  • Le résultat moyen est 19 sur 26
Statistiques - réponses
Paroles % Correct
Bou-Bou-Bou-Bou-Bou-{Bou}
100%
Boumbo, {Boumbo}
100%
Boumbo, {Boumbo}
97%
{Petite} automobile (bile)
97%
Bou-Bou-Bou-Bou-Bou-{Bou}
91%
Bou-Bou-Bou-{Boumbo}
91%
Boumbo, {Boumbo}
91%
Ca fait boom boom dans ton {coeur}
91%
Sous ton drôle de {capot}
91%
Tes deux {amis} fidèles (dèles)
91%
Bou-Bou-Bou-{Boumbo}
89%
Pour ne pas tomber de {haut}
86%
Quand tu respires une {fleur}
74%
Tu {parais} si fragile (gile)
74%
Bou-Bou-Bou-{Boumbo}
71%
Bou-Bou-Bou-{Boumbo}
71%
Boumbo, {Boumbo}
71%
Se {raccrochent} à tes ailes (zailes)
66%
Et tu deviens Boumbo {magique}
54%
La plus belle des {autos}
49%
Tu {roules} et te dandines (dines)
46%
Tu affoles tes {mécaniques}
43%
Le tout {dernier} modèle (dèle)
40%
T'es la {petite} nouvelle (velle)
34%
Sans jouer les {héros}
31%
De {campagnes} en collines (lines)
11%
Aucun quiz correspondant
Distribution des résultats
% des personnes avec chaque résultat
Percentile par nombre de réponses
Votre historique - résultats
Vous n’avez pas pris ce quiz